000 00613nam a2200181Ia 4500
008 090123s9999 xx 000 0 und d
082 _b31759
_a891.463/महाज
100 _aमहाजन भास्कर
245 _aयुध्द 18दिवसांचे
250 _a0
260 _bप्राजक्ता प्रकाशन
_c2000
300 _a164
600 _aमहाजन भास्कर
630 _aयुध्द 18दिवसांचे
700 _aमहाजन भास्कर
730 _aयुध्द 18दिवसांचे
942 _cBOOK
999 _c69818
_d69818